|
|
|
|
| LEADER |
01674cam a2200325 i 4500 |
| 001 |
22763308 |
| 003 |
GR-PaULI |
| 005 |
20230124140248.0 |
| 008 |
220927s2020 enka g b 001 0 eng d |
| 952 |
|
|
|0 0
|1 0
|2 ddc
|4 0
|6 791_436000000000000_LOW
|7 0
|9 364693
|a THST
|b THST
|d 2022-09-27
|i 017355
|l 1
|o 791.436 LOW
|p 025000288780
|r 2022-12-06 00:00:00
|s 2022-11-03
|t 1
|w 2022-09-27
|y BK
|
| 999 |
|
|
|c 213171
|d 213171
|
| 010 |
|
|
|a 2021391531
|
| 020 |
|
|
|a 9781789382334
|q (hbk.)
|
| 020 |
|
|
|z 9781789382358
|q (ePDF)
|
| 020 |
|
|
|z 9781789382341
|q (ePub)
|
| 040 |
|
|
|a UKMGB
|b gre
|c UKMGB
|e AACR2
|d OCLCO
|d OCLCF
|d UAT
|d QGK
|d MUU
|d OCLCO
|d IL4J6
|d OCLCO
|d DLC
|d GR-PaULI
|
| 082 |
0 |
0 |
|a 791.436
|2 23
|
| 100 |
1 |
|
|a Lowe, Victoria,
|e συγγραφέας
|
| 245 |
1 |
0 |
|a Adapting performance between stage and screen /
|c Victoria Lowe.
|
| 260 |
|
|
|a Bristol, UK :
|b Intellect,
|c 2020.
|
| 300 |
|
|
|a viii, 212 σ. ;
|c 25 εκ.
|
| 504 |
|
|
|a Περιλαμβάνει βιβλιογραφία (σ. 173-191) και ευρετήριο.
|
| 650 |
|
4 |
|a Κινηματογραφικές διασκευές
|x Ιστορία και κριτική.
|9 157076
|
| 650 |
|
4 |
|a Θεατρικές διασκευές
|x Ιστορία και κριτική.
|9 194083
|
| 650 |
|
4 |
|a Θέατρο και κοινωνία
|9 101489
|
| 650 |
|
0 |
|a Παραστατικές τέχνες
|x Τεχνολογικές καινοτομίες.
|9 171878
|
| 650 |
|
4 |
|a Κινηματογράφος
|z Μεγαλη Βρετανία
|x Ιστορία
|v Μελέτη περίπτωσης.
|9 194086
|
| 650 |
|
4 |
|a Θέατρο
|z Μεγάλη Βρετανία
|x Ιστορία
|v Μελέτη περίπτωσης.
|9 194087
|
| 942 |
|
|
|2 ddc
|c BK
|
| 998 |
|
|
|c ΜΑΝΙΑ
|d 2022-09
|